000 02429cam a2200517 i 4500
001 xx004909709
003 NUKAT
005 20260428130409.0
008 200717s2020 pl g |101 0 pol c
020 _a9788380988729
_q(oprawa twarda) :
_czł 30,00
035 _a(OCoLC)1183368839
035 _a(NUKAT)xx004909709
040 _aWR U/AKA
_bpol
_erda
_cWR U/AKAs
_dWR U/bk
_dWR U/AKAs
_dWA 14/MBs
_dOLSZT 008/bak
045 2 _bd1953
_bd1982
046 _k2020
245 0 0 _aMiasta buntu w imperium sowieckim :
_bkonteksty radomskiego Czerwca 1976 roku /
_cpod redakcją Arkadiusza Kutkowskiego i Sebastiana Piątkowskiego ; Instytut Pamięci Narodowej - Komisja Ścigania Zbrodni przeciwko Narodowi Polskiemu. Oddział w Lublinie.
246 3 0 _aKonteksty radomskiego Czerwca 1976 roku
260 _aLublin ;
_aWarszawa :
_bInstytut Pamięci Narodowej Komisja Ścigania Zbrodni przeciwko Narodowi Polskiemu Oddział w Lublinie,
_c2020.
300 _a280 stron ;
_c25 cm.
336 _aTekst
_btxt
_2rdacontent
337 _aBez urządzenia pośredniczącego
_bn
_2rdamedia
338 _aWolumin
_bnc
_2rdacarrier
380 _aKsiążki
380 _aPublikacje naukowe
388 1 _a2001-
500 _aMateriały z konferencji naukowej, Radom, 13-14 czerwca 2016 r.
504 _aIndeksy.
648 7 _a1901-2000
_2DBN
_934996
648 7 _a1945-1989
_2DBN
_936043
650 7 _aWydarzenia w Polsce (1976)
_2DBN
_939773
650 7 _aOpór wobec władzy
_zEuropa Środkowa
_y1945-1990
_vkonferencje.
_2kaba
_940800
650 7 _aOpór wobec władzy
_zEuropa Wschodnia
_y1945-1990
_vkonferencje.
_2kaba
_940801
650 7 _aMiasta
_zEuropa Środkowa
_y1990-
_vkonferencje.
_2kaba
_940802
650 7 _aOpór wobec władzy
_zGruzja
_y1945-1970
_vkonferencje.
_2kaba
_940803
651 7 _aEuropa Środkowo-Wschodnia
_2DBN
_935065
651 7 _aPolska
_2DBN
_935076
651 7 _aPolska
_y1976 (Wydarzenia czerwcowe)
_vkonferencje.
_2kaba
_940804
655 7 _aMateriały konferencyjne
_2DBN
_936310
655 7 _aPraca zbiorowa
_2DBN
_935107
658 _aHistoria
700 1 _aKutkowski, Arkadiusz.
_eRedakcja
_914494
700 1 _aPiątkowski, Sebastian
_d(1970- ).
_eRedakcja
_916263
710 2 _aInstytut Pamięci Narodowej - Komisja Ścigania Zbrodni przeciwko Narodowi Polskiemu.
_bOddział (Lublin).
_eInstytucja sprawcza
_eWydawca
_4pbl
_914495
920 _a978-83-8098-872-9 (oprawa twarda) : zł 30,00
942 _2ddc
_cBK_NM
999 _c27842
_d27842